Teoria algorytmów abstrakcyjnych i modelowanie matematyczne systemów informacyjnych / (Rekord nr 53204)
| 000 -ETYKIETA REKORDU | |
|---|---|
| podpole kontrolne o stałej długości | 00903nam a2200253 i 4500 |
| 001 - NUMER KONTROLNY REKORDU | |
| pole kontrolne | bg |
| 040 ## - ŹRÓDŁO KATALOGOWANIA | |
| Instytucja, która utworzyła rekord | BPK |
| 041 0# - KOD JĘZYKA | |
| Kod języka tekstu | pol |
| 080 ## - UNIWERSALNA KLASYFIKACJA DZIESIĘTNA - UKD | |
| UKD | 004.421:004.4'42:519.87 |
| 008 - POLE O STAŁEJ DŁUGOŚCI - DANE KONTROLNE | |
| podpole kontrolne o stałej długości | s pl f |000 0 pol |
| 100 1# - NAZWA OSOBOWA | |
| Nazwa osobowa | OWSIAK, Włodzimierz |
| 245 10 - TYTUŁ/ODPOWIEDZIALNOŚĆ | |
| Tytuł | Teoria algorytmów abstrakcyjnych i modelowanie matematyczne systemów informacyjnych / |
| Pozostałe elementy strefy tytułu i oznaczenia odpowiedzialności | Włodzimierz Owsiak, Aleksander Owsiak, Julia Owsiak. |
| 260 ## - STREFA ADRESU WYDAWNICZEGO | |
| Miejsce wydania | Opole : |
| Nazwa wydawcy/dystrybutora | Oficyna Wydawnicza Politechniki Opolskiej, |
| Data publikacji, dystrybucji/powstania dokumentu | 2005. |
| 300 ## - STREFA OPISU FIZYCZNEGO | |
| Objętość | 275 s. : |
| Inne cechy fizyczne | rys., wykr. ; |
| Rozmiary | 24 cm. |
| 490 1# - STREFA SERII I DOKUMENTU WIELOCZĘŚCIOWEGO - FORMA NIE DO WYSZUKIWANIA | |
| Tytuł i oznaczenie odpowiedzialności serii | Studia i Monografie / Politechnika Opolska, |
| ISSN | 1429-6063 ; |
| Numeracja w obrębie serii | z. 176 |
| 504 ## - UWAGA DOTYCZĄCA BIBLIOGRAFII | |
| Informacje o bibliografii | Bibliogr. przy częśc. |
| 650 #9 - HASŁO PRZEDMIOTOWE W FORMIE NAZWY OGÓLNEJ LUB JEDNOSTKOWEJ | |
| Nazwa ogólna lub geograficzna | Algorytmy |
| Określnik ogólny | teoria |
| 650 #9 - HASŁO PRZEDMIOTOWE W FORMIE NAZWY OGÓLNEJ LUB JEDNOSTKOWEJ | |
| Nazwa ogólna lub geograficzna | Systemy informacyjne |
| 650 #9 - HASŁO PRZEDMIOTOWE W FORMIE NAZWY OGÓLNEJ LUB JEDNOSTKOWEJ | |
| Nazwa ogólna lub geograficzna | Modele matematyczne |
| 700 1# - HASŁO DODATKOWE - NAZWA OSOBOWA | |
| Nazwa osobowa | OWSIAK, Aleksander |
| 700 1# - HASŁO DODATKOWE - NAZWA OSOBOWA | |
| Nazwa osobowa | OWSIAK, Julia |
| 830 #0 - HASŁO DODATKOWE SERII LUB DOKUMENTU WIELOCZĘŚCIOWEGO - TYTUŁ UJEDNOLICONY | |
| Tytuł ujednolicony | Studia i Monografie (Politechnika Opolska) ; |
| Oznaczenie tomu | z. 176 |
| 942 ## - DODATKOWE ELEMENTY (KOHA) | |
| Typ dokumentu | Książka |
| Wycofany | Status egzemplarza | Uszkodzony | Dostępność | Lokalizacja stała | Lokalizacja bieżąca | Miejsce przechowywania | Sygnatura | Kod kreskowy | Dział | Typ dokumentu |
|---|---|---|---|---|---|---|---|---|---|---|
| Tylko na miejscu | Biblioteka Politechniki Koszalińskiej | Biblioteka Politechniki Koszalińskiej | Czytelnia BG | 82868 | 02350721 | 519.7/.8 Cybernetyka matematyczna. Badania operacyjne | Książka |
